| 000 | 01268cam a22003374a 4500 | ||
|---|---|---|---|
| 005 | 20191224041635.0 | ||
| 008 | 000428s2001 txuab c b 001 0 eng | ||
| 020 | _a0739822195 | ||
| 040 |
_aDLC _cDLC _dCO-BoIAVH |
||
| 041 | _aeng | ||
| 042 |
_apcc _alcac |
||
| 044 | _axxu | ||
| 082 | 0 | 0 |
_a595.799 _bF14w |
| 100 | 1 |
_aFacklam, Margery. _948643 |
|
| 245 | 1 | 0 |
_aWhat's the buzz? : _bthe secret lives of bees / _cMargery Facklam. |
| 246 | 3 | _aWhat is the buzz? | |
| 260 |
_aAustin, Tex. : _bRaintree Steck-Vaughn, _c2001. |
||
| 300 |
_a48 paginas. : _bilustraciones, mapas; _c29 x 21 cm. |
||
| 500 | _a"Smithsonian Institution"--Cover. | ||
| 504 | _aIncludes bibliographical references (p. 46) and index. | ||
| 650 | 0 |
_aBees _xBehavior _vJuvenile literature. _948644 |
|
| 650 | 1 |
_aBees. _948645 |
|
| 650 | 6 |
_aApidae _948646 |
|
| 650 | 6 |
_a Hymenoptera _94486 |
|
| 650 | 6 |
_a biological development _948648 |
|
| 650 | 6 |
_aCiclo biológico _948649 |
|
| 710 | 2 |
_aSmithsonian Tropical Research Institute. _98375 |
|
| 906 |
_a7 _bcbc _corignew _d1 _eocip _f20 _gy-gencatlg |
||
| 942 |
_2ddc _cLIBRO |
||
| 999 |
_c2407 _d2407 |
||